000 00413nam a22001217a 4500
008 230621b xxu||||| |||| 00| 0 eng d
082 _a328.4
_bCPA
100 _cCommonwealth Parliamentary Association
245 _aReport of proceedings
_bfourteenth Commonwealth parliamentary Conference Nassau, November 1968
260 _aLondon
_bCommonwealth Parliamentary Association
_c1968
300 _a350p
942 _2ddc
_cBK
999 _c2155
_d2155